000 00440nab a22001097u 4500
008 130520b2003 xxu||||| |||| 00| 0 fre d
041 _afre
100 1 _aGagné, André
_945394
245 0 0 _aCaractérisation des figures de Satan et de Judas dans le IVe évangile: stratégie narrative et déploiement des intrigues de conflit
_cAndré Gagné
773 0 _tScience et Esprit
_gV.55, nº3,2003,págs. 263-284
_x0316-5345
_wRev416
942 _cAR
999 _c311182
_d311182